000
00298nam a22001337a 4500
008
181023b xxu||||| |||| 00| 0 eng d
020
_a
0867092750
041
_a
eng
080
_a
371
100
_a
46
101
_a
EDU
245
_a
Portfolios Process and Product
_c
Belanoff,P
942
_2
udc
_c
BK
999
_c
50707
_d
50707